000 00611nam a2200241Ia 4500
003 OSt
005 20220918221950.0
006 a|||||r|||| 00| 0
007 ta
008 220917b |||||||| |||| 00| 0 eng d
024 _a214,030
037 _cTextual
040 _aARTS
_cARTS
_beng
041 _2eng
_aeng
082 _aP:(S:4), P2
100 _aGupta G C
_9141806
245 0 _aLanguage and cognition
260 _aNew Delhi
_bIcon Pub. Ltd.
_c2002
300 _axvii, 246 p
_ccm.
650 _aLINGUISTICS
942 _hP:(S:4), P2
_cTEXL
_2CC
999 _c274102
_d274102